000 00923nam a22002175i 4500
001 177896
003 ES-MaACL
005 20230906220436.0
008 110505s1941 sp f |||| | spa d
080 _a72(450)
100 1 _aPérez Fernández, Ricardo.
_9146383
245 1 0 _aElementos de arquitectura italiana en Salamanca
_b: conferencia pronunciada de día 31 de mayo de 1941 en la Sección de Salamanca /
_cpor Ricardo Pérez Fernández.
260 _aMadrid :
_bIstituto Italiano di Cultura in Ispagna,
_c1941.
300 _a15, [6] p. de lám. bl. y n. ;
_c25 cm.
490 1 _aQuaderni dell'Istituto Italiano di Cultura in Spagna ;
_v3
650 4 _aArquitectura italiana-
_zEspaña.
_9146384
710 0 _aIstituto Italiano di Cultura (Madrid)
_95298
830 0 _aQuaderni dell'Istituto Italiano di Cultura in Spagna ;
_v3
_9190645
852 _aES-MaACL
_j2289-F-9
_xOlim P-914
999 _c177896
_d177896